<?xml version="1.0" encoding="UTF-8"?>
<record
    xmlns:xsi="http://www.w3.org/2001/XMLSchema-instance"
    xsi:schemaLocation="http://www.loc.gov/MARC21/slim http://www.loc.gov/standards/marcxml/schema/MARC21slim.xsd"
    xmlns="http://www.loc.gov/MARC21/slim">

  <leader>02220cam a22004214i 4500</leader>
  <controlfield tag="003">PE-LiUPU</controlfield>
  <controlfield tag="005">20250731172753.0</controlfield>
  <controlfield tag="008">1968sp            pe a    rb    000 0 spa d</controlfield>
  <datafield tag="035" ind1=" " ind2=" ">
    <subfield code="a">PE-LiUPU12082</subfield>
  </datafield>
  <datafield tag="040" ind1=" " ind2=" ">
    <subfield code="a">PE-LiUPU</subfield>
    <subfield code="b">spa</subfield>
    <subfield code="c">PE-LiUPU</subfield>
  </datafield>
  <datafield tag="082" ind1="0" ind2="4">
    <subfield code="a">289.92</subfield>
    <subfield code="b">W324l</subfield>
    <subfield code="2">23</subfield>
  </datafield>
  <datafield tag="245" ind1="1" ind2="0">
    <subfield code="a">La verdad que lleva a vida eterna /</subfield>
    <subfield code="c">Watchtower Bible and Tract Society of the New York, INC.</subfield>
  </datafield>
  <datafield tag="264" ind1=" " ind2="1">
    <subfield code="a">Brooklyn, N.Y. :</subfield>
    <subfield code="b">Watchtower Bible and Tract Society,</subfield>
    <subfield code="c">1968.</subfield>
  </datafield>
  <datafield tag="300" ind1=" " ind2=" ">
    <subfield code="a">192 p&#xE1;ginas ;</subfield>
    <subfield code="c">20 cm</subfield>
  </datafield>
  <datafield tag="336" ind1=" " ind2=" ">
    <subfield code="a">text</subfield>
    <subfield code="2">rdacontent</subfield>
  </datafield>
  <datafield tag="337" ind1=" " ind2=" ">
    <subfield code="a">unmediated</subfield>
    <subfield code="2">rdamedia</subfield>
  </datafield>
  <datafield tag="338" ind1=" " ind2=" ">
    <subfield code="a">volume</subfield>
    <subfield code="2">rdacarrier</subfield>
  </datafield>
  <datafield tag="505" ind1="0" ind2=" ">
    <subfield code="a">&#xA1;Se acercan grandiosas bendiciones procedentes de Dios! -- Lo sabio de examinar uno su religi&#xF3;n -- &#xBF;Qui&#xE9;n es Dios? -- &#xBF;Por qu&#xE9; envejecemos y morimos? -- &#xBF;D&#xF3;nde est&#xE1;n los muertos? -- Jesucristo, el medio que Dios usa para bendecir a la humanidad -- &#xBF;Hay esp&#xED;ritus inicuos? -- &#xBF;Por qu&#xE9; ha permitido Dios la iniquidad hasta nuestro d&#xED;a? -- Por qu&#xE9; un "reba&#xF1;o peque&#xF1;o" va al cielo -- El reino de Dios entra en poder en medio de sus enemigos -- Los &#xFA;ltimos d&#xED;as de este inicuo sistema de cosas -- R&#xE9;gimen justo hace de la Tierra un para&#xED;so -- La iglesia verdadera y su fundamento -- C&#xF3;mo identificar la religi&#xF3;n verdadera -- "S&#xE1;lgase de entre ellos" -- C&#xF3;mo orar y ser o&#xED;do por Dios -- Obediencia cristiana a la ley -- Respeto piadoso a la vida y la sangre -- Edificando una vida de familia feliz -- Su decisi&#xF3;n de servir a Dios -- La adoraci&#xF3;n verdadera... un camino y modo de vivir.</subfield>
  </datafield>
  <datafield tag="526" ind1=" " ind2=" ">
    <subfield code="a">SEG42</subfield>
  </datafield>
  <datafield tag="526" ind1=" " ind2=" ">
    <subfield code="a">SEG41</subfield>
  </datafield>
  <datafield tag="526" ind1=" " ind2=" ">
    <subfield code="a">SEG40</subfield>
  </datafield>
  <datafield tag="526" ind1=" " ind2=" ">
    <subfield code="a">SEG39</subfield>
  </datafield>
  <datafield tag="526" ind1=" " ind2=" ">
    <subfield code="a">P94</subfield>
  </datafield>
  <datafield tag="526" ind1=" " ind2=" ">
    <subfield code="a">P87</subfield>
  </datafield>
  <datafield tag="526" ind1=" " ind2=" ">
    <subfield code="a">P86</subfield>
  </datafield>
  <datafield tag="526" ind1=" " ind2=" ">
    <subfield code="a">P85</subfield>
  </datafield>
  <datafield tag="526" ind1=" " ind2=" ">
    <subfield code="a">P77</subfield>
  </datafield>
  <datafield tag="526" ind1=" " ind2=" ">
    <subfield code="a">P76</subfield>
  </datafield>
  <datafield tag="526" ind1=" " ind2=" ">
    <subfield code="a">P35</subfield>
  </datafield>
  <datafield tag="610" ind1="1" ind2="4">
    <subfield code="a">Testigos de Jehov&#xE1;</subfield>
    <subfield code="2">Doctrinas.</subfield>
    <subfield code="9">4356</subfield>
  </datafield>
  <datafield tag="650" ind1="2" ind2="4">
    <subfield code="a">Vida cristiana</subfield>
    <subfield code="x">Testigos de Jehov&#xE1;.</subfield>
    <subfield code="9">5924</subfield>
  </datafield>
  <datafield tag="650" ind1="2" ind2="4">
    <subfield code="a">Reino de Dios</subfield>
    <subfield code="x">Testigos de Jehov&#xE1;.</subfield>
    <subfield code="9">5926</subfield>
  </datafield>
  <datafield tag="650" ind1="2" ind2="0">
    <subfield code="a">Escatolog&#xED;a</subfield>
    <subfield code="x">Testigos de Jehov&#xE1;.</subfield>
    <subfield code="9">5925</subfield>
  </datafield>
  <datafield tag="710" ind1="2" ind2=" ">
    <subfield code="a">International Bible Students Association (Brooklyn, New York),</subfield>
    <subfield code="e">autor corporativo.</subfield>
  </datafield>
  <datafield tag="942" ind1=" " ind2=" ">
    <subfield code="2">ddc</subfield>
    <subfield code="c">BK</subfield>
  </datafield>
  <datafield tag="980" ind1=" " ind2=" ">
    <subfield code="8">1</subfield>
    <subfield code="g">ALBERTO SANCHEZ Responsable de Automatizaci&#xF3;n</subfield>
  </datafield>
  <datafield tag="999" ind1=" " ind2=" ">
    <subfield code="c">2929</subfield>
    <subfield code="d">2929</subfield>
  </datafield>
  <datafield tag="952" ind1=" " ind2=" ">
    <subfield code="r">2025-12-02 00:00:00</subfield>
    <subfield code="i">6</subfield>
    <subfield code="l">0</subfield>
    <subfield code="o">289.92 W324l</subfield>
    <subfield code="p">12082</subfield>
    <subfield code="t">e1</subfield>
    <subfield code="w">2015-06-17</subfield>
    <subfield code="x">FACTEO</subfield>
    <subfield code="y">BK</subfield>
    <subfield code="z">inventario-2023-12-13</subfield>
    <subfield code="1">0</subfield>
    <subfield code="2">ddc</subfield>
    <subfield code="5">0</subfield>
    <subfield code="7">0</subfield>
    <subfield code="8">GEN</subfield>
    <subfield code="f">P35</subfield>
    <subfield code="a">BUL</subfield>
    <subfield code="b">BUL</subfield>
    <subfield code="c">GEN</subfield>
    <subfield code="d">2015-06-17</subfield>
    <subfield code="e">COMPRA</subfield>
  </datafield>
</record>
